| Tag |
First Indicator |
Second Indicator |
Subfields |
| LEADER |
00000cam a2200000 a 4500 |
| 001 |
in00000085513 |
| 005 |
20151008061522.0 |
| 008 |
811010s1981 enk b 00110 eng |
| 010 |
|
|
|a 80041365
|
| 015 |
|
|
|a GB***
|
| 020 |
|
|
|a 0043510566
|
| 035 |
|
|
|a (OCoLC)07708271
|
| 035 |
|
|
|9 AAJ8235AM
|
| 039 |
0 |
|
|a 2
|b 3
|c 3
|d 3
|e 3
|
| 040 |
|
|
|a DLC
|c DLC
|d TXA
|d UtOrBLW
|
| 043 |
|
|
|a e-uk---
|
| 049 |
|
|
|a TXAM
|c [1561229]
|
| 050 |
0 |
0 |
|a JN451
|b .R5
|
| 082 |
0 |
|
|a 354.41009/92
|2 19
|
| 100 |
1 |
|
|a Rhodes, Gerald.
|
| 245 |
1 |
0 |
|a Inspectorates in British government :
|b law enforcement and standards of efficiency /
|c Gerald Rhodes.
|
| 264 |
|
1 |
|a London ;
|a Boston :
|b Allen & Unwin for the Royal Institute of Public Administration,
|c 1981.
|
| 300 |
|
|
|a xiii, 281 pages ;
|c 22 cm.
|
| 336 |
|
|
|a text
|b txt
|2 rdacontent
|
| 337 |
|
|
|a unmediated
|b n
|2 rdamedia
|
| 338 |
|
|
|a volume
|b nc
|2 rdacarrier
|
| 504 |
|
|
|a Includes bibliographical references and index.
|
| 650 |
|
0 |
|a Governmental investigations
|z Great Britain.
|
| 650 |
|
0 |
|a Trade regulation
|z Great Britain.
|
| 999 |
|
|
|a MARS
|
| 999 |
f |
f |
|s 9e742bd6-5fbb-3b6c-82a1-dd71a4bdfcaf
|i 7d7a5d4d-9a98-3133-9b00-95062f3778ec
|t 0
|
| 952 |
f |
f |
|p ric
|a Texas A&M University
|b Rellis Campus
|c Joint Library Facility
|d Remote Storage
|t 0
|e JN451 .R5
|h Library of Congress classification
|i unmediated -- volume
|m A14806151547
|
| 998 |
f |
f |
|a JN451 .R5
|t 0
|l Remote Storage
|